000 00353 a2200157 4500
001 156454
020 _a9788576105860
040 _cEscola São Tomás de Aquino
100 _aBELINKY, Tatiana
240 1 0 _aO grande rabanete
_lpor
245 1 0 _aO grande rabanete
300 _a45
362 0 _a2017
697 _a*LITERATURA INFANTIL
942 _cBK
999 _c156454
_d156454